| 000 | 00539nam a2200193Ia 4500 | ||
|---|---|---|---|
| 005 | 20250326141209.0 | ||
| 008 | 250326s9999 xx 000 0 und d | ||
| 020 | _a0-13-149865-7 | ||
| 037 | _aTextbook | ||
| 040 |
_aFMSL _beng _cFMSL |
||
| 041 |
_aeng _2eng |
||
| 084 |
_aX:51:f N5 _qFMSL |
||
| 100 | _aBurns Alvin C | ||
| 245 | 0 |
_aMarketing research _cBurns Alvin C; Bush Ronald F |
|
| 260 |
_aEnglewood _bEnglewood, Prentice-Hall _c1994 |
||
| 300 | _axviii,622 | ||
| 942 |
_cTB _hX:51:f N5 |
||
| 999 |
_c1289176 _d1289176 |
||